A landmark for landlords (Record no. 81349)

MARC details
000 -LEADER
fixed length control field 00775cab a22001935a 4500
001 - CONTROL NUMBER
control field L146970
008 - FIXED-LENGTH DATA ELEMENTS--GENERAL INFORMATION
fixed length control field 090318e20090313xxkad f s 000 0 eng d
035 ## - SYSTEM CONTROL NUMBER
System control number (Sirsi) u146970
041 0# - LANGUAGE CODE
Language code of text/sound track or separate title eng
100 1# - MAIN ENTRY--PERSONAL NAME
Personal name Barnes, Yolande
245 02 - TITLE STATEMENT
Title A landmark for landlords
260 ## - PUBLICATION, DISTRIBUTION, ETC.
-- 009
490 #0 - SERIES STATEMENT
Series statement Property Week
Volume/sequential designation 75(11) 13 March 2009, 50(1)
520 ## - SUMMARY, ETC.
Summary, etc. Presents the results from the survey of English Housing. Finds that a continued decrease in owner-occupiers since 2003 will benefit rental property investors. Forecasts that the time for institutional investment in residential property may have arrived and that build-to-let properties will emerge.
590 ## - LOCAL NOTE (RLIN)
Local note KA
651 #4 - SUBJECT ADDED ENTRY--GEOGRAPHIC NAME
Geographic name United Kingdom
Chronological subdivision
690 ## - LOCAL SUBJECT ADDED ENTRY--TOPICAL TERM (OCLC, RLIN)
Topical term or geographic name as entry element PROPERTY-PROPERTY MANAGEMENT-REGENERATION
942 ## - ADDED ENTRY ELEMENTS (KOHA)
Suppress in OPAC 0
Holdings
Withdrawn status Lost status Source of classification or shelving scheme Damaged status Not for loan Home library Current library Shelving location Date acquired Total Checkouts Full call number Barcode Date last seen Copy number Price effective from Koha item type
    Dewey Decimal Classification     London London Journal article 18/03/2009   L146970 146970-1001 06/08/2019 1 06/08/2019 Journal article